Quizzes
Events
Quiz Creation
Community
Videos
Private Events
Remove Ads
Sign In
Join for FREE
Feedback
Dark Mode
Quiz Categories
Sports
Geography
Music
Movies
Television
Just For Fun
Miscellaneous
History
Literature
Language
Science
Gaming
Entertainment
Religion
Holiday
For Kids
Quiz Lab
Recent
Popular Today
Quiz Kudos Today
Editor Picks
Curator Picks
Quizzes by...
Day
Popularity
Type
Ratings
Length
Year
Community
Subscriptions
Recent Discussions
Orange Saloon
Badges
Playlists
Quests
Create
Leaderboards
Showdown
Live 5
Trivia Bingo
Activity
Puzzle Library
Sporcle Events
Private Events
Virtual Trivia
Globe League
Become a Host
Pub Owners
SporcleCon
Opinionation
Our Games
Videos
Blog
Mobile Apps
Partnerships
Remove Ads and Go Orange
Feedback
Literature
Harry Potter
A Song of Ice and Fire
The Hunger Games
Literary Character
Shakespeare
Book
Author
Novel
Poem
Young Adult
Children's Books
Play
Lord of the Rings
Literature
Harry Potter
A Song of Ice and Fire
The Hunger Games
Literary Character
Shakespeare
Book
Author
Novel
Poem
Young Adult
Children's Books
Play
Lord of the Rings
Random Quiz
Search Sporcle
×
Curator Pick
Curator Pick
Literature
A Song of Ice and Fire
Select answers by clicking on text or image buttons
Select answers by clicking on text or image buttons
Clickable
Best Score? Go Orange.
Follow That Line: A Song of Ice and Fire Series Stats
Can you pick the line that follows the given quote?
By
Nietos
8m
25 Questions
1,994 Plays
1,994 Plays
1,994 Plays
Comments
Comments
Give Quiz Kudos
Give Quiz Kudos
-
- Ratings
hide this ad
Forced Order
Answers have to be entered in order
Answers have to be entered in order
Replay
Link that replays current quiz
Next Quiz
Link to next quiz in quiz playlist
You Got
0%
They Got
Avg Score
81%
Avg Friend Score
Upgrade to see
Score Distribution
Jump to the score distribution portion of the page
Score
0/25
Timer
08:00
0
Plays Today
% Correct
Kill the boy and let the man be born.
89.5%
Dead history is writ in ink, the living sort in blood.
89.5%
The man who never reads lives only one.
88.5%
I tried to grasp a star, overreached, and fell.
86.6%
Then it can never be your weakness. Armour yourself in it, and it will never be used to hurt you.
86.5%
I want to have adventures.
86.5%
There is no middle ground.
86.4%
And if you cannot bear to do that, then perhaps the man does not deserve to die.
86.3%
She keeps me in the dark and feeds me sh*t.
86.3%
It is no matter to them if the high lords play their game of thrones, so long as they are left in peace.
85.4%
Lest we start to take ourselves too seriously.
85.3%
The heroes will always be remembered. The best. The best and the worst. And a few who were a bit of both.
83.5%
Every time a new Targaryen is born, the gods toss the coin in the air and the world holds its breath to see how it will land.
83.5%
% Correct
And yet they keep telling me House Lannister won this war.
81.8%
And he'll look you straight in the face.
81.3%
Darkness will be your cloak, your shield, your mother's milk. Darkness will make you strong.
81%
I, however, am innocent as a little lamb. Shall I bleat for you?
79.6%
Sometimes they refuse to make the moves you've planned for them.
78.5%
Don't tell me to leave.
78%
And I'll sleep more easily by night.
77.2%
Each should have its own reward.
76.5%
That is our great glory, and our great tragedy.
76.3%
Sharp steel and strong arms rule this world, don't ever believe any different.
71.9%
Is this a knight who comes before us, or the answer to a child's riddle?
70.2%
And hair grows back.
56.8%
Quiz Playlist
Details
Report
Send in Message
Add To Playlist
Clickable:
Select answers by clicking on text or image buttons
Forced Order:
Answers have to be entered in order
Last Updated: Feb 20, 2023
Curator Pick in
A Song of Ice and Fire
Quiz Scoreboard
CHALLENGE
Sign Up to Join the Scoreboard
Show All
Scores
Hide
Comments
May contain spoilers
Recently Published
1-10 Letter E Words III
by El_Dandy
Language
2m
One Thing in Common: World Cities II
by knightlancer
Geography
7m
Popular People in 1961
by mucciniale
History
6m
More to Explore
Quiz From the Vault
Featured Blog Post
Where Did the Easter Bunny Come From?
hide this ad
You Might Also Like...
Tags
A Song of Ice and Fire Quiz
Clickable Quiz
Follow That Line Quiz
Quote Quiz
asoiaf
Fantasy Series
George RR Martin
Today's Top Quizzes in Literature
Browse Literature
hide this ad
Today's Top Quizzes in A Song of Ice and Fire
Browse A Song of Ice and Fire
Top Contributed Quizzes in Literature
1
Sneaky Slytherin Logic Puzzle
2
Get The Picture: Black or White Literature
3
One Thing in Common: Literature
4
Weasley Family Reunion: Logic Puzzle
5
Lily Potter Start to Finish
6
ASOIAF Logic Puzzle [Difficult] [Read Note first!!]
7
James Potter Start to Finish
8
One piece logic quiz 3 (Hard difficulty)
9
Dobby's Dilemma: Logic Puzzle
10
Keeper of the Lost Cities Logic Puzzle
Explore More
Trending Topics
Harry Potter
Marvel
Disney
Crossword
Anime
NBA
Kpop
The Office
NFL
Pokémon
Country
WWE
Song
Puzzle
Soccer
hide this ad
More By:
Nietos
Quiz
Plays
Rating
Category
Featured
Created
Order Up: House Lannister
25
5.00
Literature
Mar 26, 2024
Order Up: House Tully
27
5.00
Literature
Mar 26, 2024
Order Up: House Baratheon
50
5.00
Literature
Mar 25, 2024
Order Up: House Stark
60
5.00
Literature
Mar 25, 2024
One Piece Characters by Funko Pop! Figures II
101
4.00
Entertainment
Mar 20, 2024
Go to Creator's Profile
Score Distribution
Quiz Creator Spotlight
Nietos
Follow
Send a Message
Quizzes Created
-
Created Quiz Play Count
-
More By This Creator
Popular Quizzes Today
1
Find the US States - No Outlines Minefield
2
The Countries of the World
3
Popular People in 1961
4
Find the Countries of Europe - No Outlines Minefield
5
1-10 Letter E Words III
6
Find the US States
7
One Thing in Common: World Cities II
8
US States
More Literature Quizzes
Literature Subcategory 'N'
Published
Trending Quizzes
1-10 Letter F Words
One Thing in Common: Music
1-10 Letter G Words
Risky Map Clicking: Next State Alphabetically
1-10 Letter F Words II
Recently Updated
Leaping Animals
pecheneg
Reality TV Shows (A-Z)
bhenderson79
Rickey Henderson's Hall of Fame Teammates
pecheneg
Champions League XIs: Arsenal
pecheneg
Quick Pick: Celebrities in WWE's Hall of Fame
aduchscher
A-Z Keypad Blitz II
pecheneg
Multiple Oscar Actors
pecheneg
Mystery Phrase Blitz: Oscar 'Best Actors'
pecheneg
F. Scott Fitzgerald Novels
LTH
Pick 3 Villains
ddd62291
Trending Topics
Disney
Harry Potter
Kpop
Crossword
NBA
Marvel
Anime
The Office
Pokémon
Soccer
WWE
Song
Country
Puzzle
NFL
Your Account Isn't Verified!
In order to create a playlist on Sporcle, you need to verify the email address you used during registration. Go to your
Sporcle Settings
to finish the process.
Report this User
Report this user for behavior that violates our
Community Guidelines
.
Details:
Send Report
Go to the Sporcle.com Mobile Site →
Comments